Managing information systems : An organisational perspective
Presents an organisational approach to the management of information systems -- covering their foundations, strategies, organisation and implementation. Not as technically orientated as other texts in this area, the book focuses on integrating information systems into other business functions. A com...
Đã lưu trong:
| 主要作者: | |
|---|---|
| 格式: | 圖書 |
| 語言: | Undetermined |
| 出版: |
New York
Prentice Hall
2005
|
| 主題: | |
| 標簽: |
添加標簽
沒有標簽, 成為第一個標記此記錄!
|
| Thư viện lưu trữ: | Trung tâm Học liệu Trường Đại học Cần Thơ |
|---|
| LEADER | 01200nam a2200229Ia 4500 | ||
|---|---|---|---|
| 001 | CTU_94279 | ||
| 008 | 210402s9999 xx 000 0 und d | ||
| 020 | |c 518000 | ||
| 082 | |a 658.4 | ||
| 082 | |b B666 | ||
| 100 | |a Boddy, David | ||
| 245 | 0 | |a Managing information systems : | |
| 245 | 3 | |b An organisational perspective | |
| 245 | 0 | |c David Boddy, Albert Boonstra, Graham Kennedy | |
| 260 | |a New York | ||
| 260 | |b Prentice Hall | ||
| 260 | |c 2005 | ||
| 520 | |a Presents an organisational approach to the management of information systems -- covering their foundations, strategies, organisation and implementation. Not as technically orientated as other texts in this area, the book focuses on integrating information systems into other business functions. A companion website accompanies this text, with instructors manual, powerpoint slides for teachers. Multiple choice questions and chapter summaries for students. Suitable for both undergraduate and MBA students. | ||
| 650 | |a Management information systems,Information resources management,Business enterprises | ||
| 650 | |x Computer networks,Management | ||
| 904 | |i Giang | ||
| 980 | |a Trung tâm Học liệu Trường Đại học Cần Thơ | ||